00585 2200217 4500001002100000005001500021035002000036245008000056100001500136250001400151300003500165700001700200260004500217082001100262084001700273020002200290650002200312990001100334990001100345990001100356INLIS00000000000160220231215081527 a0010-12230000121 aSeni Berbicara :bKepada Siapa Saja, Kapan Saja, di Mana Saja /cLarry King0 aLarry King aEd.Revisi axvi, 265 hlm :bilust ;c20 cm0 aBill Gilbert aJakarta :bGramedia Pustaka Utama,c2023 a155.25 a155.25 LAR s a978-602-06-2802-8 4aPengembangan Diri a003001 a003002 a003003